Normal view
MARC view
- SEMICONDUCTOR. SEMICONDUCTOR MATERIALS AND DEVICES
Entry Topical Term
001 - CONTROL NUMBER
- control field: 73910
003 - CONTROL NUMBER IDENTIFIER
- control field: NUST
005 - DATE AND TIME OF LATEST TRANSACTION
- control field: 20210628205114.0
008 - FIXED-LENGTH DATA ELEMENTS
- fixed length control field: 210628|| aca||aabn | a|a d
040 ## - CATALOGING SOURCE
- Original cataloging agency: NUST
- Transcribing agency: NUST
150 ## - HEADING--TOPICAL TERM
- Topical term or geographic name entry element: SEMICONDUCTOR. SEMICONDUCTOR MATERIALS AND DEVICES
670 ## - SOURCE DATA FOUND
- Source citation: Work cat.: (NUST): Tyagi, M.S 73909, Introduction to semiconductor materials and devices, 1991
